Process Control Instrumentation Technology (Record no. 18459)

MARC details
000 -LEADER
fixed length control field 00415nam a22001697a 4500
005 - DATE AND TIME OF LATEST TRANSACTION
control field 20230524121344.0
008 - FIXED-LENGTH DATA ELEMENTS--GENERAL INFORMATION
fixed length control field 230524b |||||||| |||| 00| 0 eng d
082 ## - DEWEY DECIMAL CLASSIFICATION NUMBER
Classification number 629.83
Item number JOH-P
100 ## - MAIN ENTRY--AUTHOR
Author Name Johnson;Curtis,D
245 ## - TITLE STATEMENT
Title Process Control Instrumentation Technology
250 ## - EDITION STATEMENT
Edition statement 5th ed.
300 ## - PHYSICAL DESCRIPTION
Pages 638
500 ## - GENERAL NOTE
General note Includes Index
650 ## - SUBJECT ADDED ENTRY--TOPICAL TERM
Subject / Department Engineering
700 ## - ADDED ENTRY--PERSONAL NAME
Personal name Curtis D. Johnson
952 ## - LOCATION AND ITEM INFORMATION (KOHA)
-- 0
-- 0
Holdings
Lost status Damaged status Permanent Location Current Location Shelving Location Date acquired Full Call Number Accession No./Barcode Date last seen item type
    Superior Information Resource Center (SIRC) Superior University- Main Campus Superior Information Resource Center (SIRC) Superior University- Main Campus Engineering 05/24/2023 629.83 JOH-P 15556 05/24/2023 BOOK

Powered by Koha